00855nam a22002177a 450000500170000001000150001702000240003203500140005603700130007008200120008324500980009526000440019327000790023730000320031650500750034870000180042370000250044194200260046699900190049295201260051120171114114705.0 aENG-121321 a8185216446c1500.00 aEN-104853 bDBAD/PUB a027.454 aPublic libraries of future :bopportunities & challenges /cedited by O.N.Chaubey...[et. al.] aDelhibIndian Library Associationc2011 aA/40-41, Flat No. 201, Ansal Building Dr. Mukherjee Nagar, bDelhie110009 a328 p. :c24 cm (Pbk)bill. a56th All India Library Conference Proceeding Sonepat, July 21-23. 2011 aChaubey, O.N. aSharma, Sanjeev Dutt 2ddccENh027.454mPUB c147383d147383 001040718NFICaDBADbBNd2017-11-14eDBAD/PUBg1500.00l0o027.454 PUBpEN-104853r2017-11-14 00:00:00t1v1500.00yEN